00828cam a2200217 a 450000100100000000500170001000800410002702000150006804000200008308200190010324500420012226001020016430000200026649000350028665000300032165000430035183000450039491000340043995201220047399900150059500000613020200929151937.0961002s1993 ck 000 p spa  a9586121569 aDO-SdBNPdBNPHU aC861.44bP745c00aPoesía contemporánea del Chocó. aBogotá :bDepartamento de Publicaciones de Colcultura, Subdirección de Comunicaciones,c1993. a89 p. ;c19 cm.1 aBiblioteca del Dariénvno. 7 4aPoesía colombiana93742 4aLiteratura colombianaySIGLO XX914409 0aBiblioteca del Darién ;vno. 7.917253 aCatalogación por copia / LC 001052708MOaGRbGRcCTd2009-08-26iLF1l0oC861.44 P745cp6130-10r2020-06-25w2020-06-25y2ZPréstamo interno c5926d5926